Nazwy terenowe na pograniczu wielkopolsko-kujawskim

Titel: Nazwy terenowe na pograniczu wielkopolsko-kujawskim / Józef Chojnacki
Verfasser:
Ausgabe: Wyd. 1
Veröffentlicht: Poznań : Wydawn. Naukowe Uniwersytetu A. Mickiewicza, 2002
Umfang: 231 S. : Kt.
Format: Buch
Sprache: Polnisch
Schriftenreihe/
mehrbändiges Werk:
Seria filologia polska ; 70
Schlagworte:
ISBN: 8323211884
Buchumschlag
X
Lokale Klassifikation: 34 2 F ; 34 8 K 61
alg: 11265699
001A    $03004:18-07-03 
001B    $01999:21-05-23 $t01:03:21.000 
001D    $03004:18-07-03 
001U    $0utf8 
001X    $00 
002@    $0Aau 
003@    $0112656994 
003O    $0320575425 $aOCoLC 
004A    $083-232-1188-4 
007A    $0112656994 $aHEB 
007G    $0DE02041C3DBF1160D30D7C125848E00366536 
007T    $0Herdhh112656994 
009P    $qapplication/pdf $A2 $3Inhaltsverzeichnis $uhttp://scans.hebis.de/HEBCGI/show.pl?11265699_toc.pdf $mV:DE-603;B:DE-Mb50 
010@    $apol 
011@    $a2002 
013H    $0z 
019@    $apl 
021A    $aNazwy terenowe na pograniczu wielkopolsko-kujawskim $hJózef Chojnacki 
028A    $D20220215 $Ecgwrk $7117325353X $8Chojnacki, Józef$Z20./21. Jh. [Tp3] $9439896118 
032@    $aWyd. 1 
033A    $pPoznań $nWydawn. Naukowe Uniwersytetu A. Mickiewicza 
034D    $a231 S. 
034M    $aKt. 
036E    $aSeria filologia polska $l70 
036F    $x270 $8Seria filologia polska $9006413544 $l70 
044K    $#Konin (Woiwodschaft) $#Konin Woiwodschaft $74448624-8 $8Woiwodschaft Konin [Tg1] $9088827038 
044K    $RName $#Names, Geographical $#Noms géographiques $#Nombres geográficos $#Geographischer Name $#Geografische Onomatologie $#Geografische Namen $74130377-5 $8Geografischer Name [Ts1] $9085460664 
045F    $a307.0943849 $eDDC23BSB 
045F/01 $a307.09 
045F/03 $g43849 
045G    $a417.709438 $eDDC23BSB 
045G/01 $a417.7 
045G/03 $g438 
045G/03 $g43849 
046M    $aEngl. Zsfassung u.d.T.: Place names at the Wielkopolska-Kujawy border. - Literaturverz. S. 208 - [212] 

lok: 11265699 24
101B    $018-07-03 $t09:31:57.000 
101C    $018-07-03 
145Z/01 $a34 2 F 
145Z/02 $a34 8 K 61 
101U    $0utf8 

exp: 11265699 24 1 #EPN
201B/01 $018-07-03 $t09:31:57.000 
201C/01 $018-07-03 
203@/01 $0186091079 
208@/01 $a18-07-03 $bz 
209A/01 $a03.3257 $du $f050 $h03 3257 $x00 
209C/01 $a03.3257 K $h03 3257 K 
209G/01 $a70433117 $x00 
247C/01 $8358050-7 Marburg, Bibliothek des Herder-Instituts Marburg $9102600961 
201U/01 $0utf8 

lok: 11265699 78

exp: 11265699 78 1 #EPN
201B/01 $008-06-18 $t02:30:25.000 
201U/01 $0utf8 
203@/01 $079431287X 
208@/01 $a12-11-16 $be 
209A/01 $a/ $f000 $x00 
237A/01 $aZawiera m.in. niemieckie nazwy miejscowe . - weiterführende Signatur(en): Herder-Institut: 03.3257 
244Z/01 $2Trx $#Großpolen $#Greater Poland $#Velkopolsko $8--Trx--Wielkopolska $x01 $9391277227 
244Z/01 $2Trx $8--Trx--Monographie $x02 $9391384546 
244Z/01 $2Trx $#Poola $#Lenkija $#Polija $#Polen Land $#Poland $#Lengyelország $#Poľsko $#Polsko $8--Trx--Polska$gkraj $x03 $9391345966 
244Z/01 $#Kujawy $74073862-0 $8--Tg1--Kujawien $x04 $9085207969 
244Z/01 $2Trx $#nimeteadus asukohad $#onomastika vietovardžiai $#onomatology places $#névtan helységek $#onomastyka, miejscowości $#onomastika miesta $#onomastika místa $#Toponomie $#toponomastyka $#toponomastika $8--Trx--Namenkunde$gOrte $x05 $9391383450 
245Z/01 $a11.07 $x01 
247C/01 $82080>Marburg/Lahn, Herder-Institut, Forschungsbibliothek, Bibliographieportal $9336309341
LEADER 00000cam a2200000 c 4500
001 112656994
003 DE-603
005 20230521010321.0
007 tu
008 030718s2002 xx |||| | u00||u|pol c
020 |a 8323211884 
035 |a (DE-599)HEB112656994 
035 |a (OCoLC)320575425 
040 |a DE-603  |b ger  |c DE-603  |d DE-603 
041 |a pol 
082 0 4 |8 1\u  |a 307.0943849  |q DE-101  |2 23/BSB 
083 0 |8 2\u  |a 417.709438  |q DE-101  |2 23/BSB 
085 |8 1\u  |b 307.09 
085 |8 1\u  |z 2  |s 43849 
085 |8 2\u  |b 417.7 
085 |8 2\u  |z 2  |s 438 
085 |8 2\u  |z 2  |s 43849 
100 1 |a Chojnacki, Józef  |d 20./21. Jh.  |0 (DE-603)439896118  |0 (DE-588)117325353X  |2 gnd 
245 0 0 |a Nazwy terenowe na pograniczu wielkopolsko-kujawskim  |c Józef Chojnacki 
250 |a Wyd. 1 
264 1 |a Poznań  |b Wydawn. Naukowe Uniwersytetu A. Mickiewicza  |c 2002 
300 |a 231 S.  |b Kt. 
490 1 |a Seria filologia polska  |v 70 
500 |a Engl. Zsfassung u.d.T.: Place names at the Wielkopolska-Kujawy border. - Literaturverz. S. 208 - [212] 
650 7 |a Geografischer Name  |0 (DE-588)4130377-5  |0 (DE-603)085460664  |2 gnd 
651 7 |a Woiwodschaft Konin  |0 (DE-588)4448624-8  |0 (DE-603)088827038  |2 gnd 
830 0 |t Seria filologia polska  |v 70  |w (DE-603)006413544  |w (DE-600)1018041-2  |9 270  |7 as 
856 4 2 |m V:DE-603;B:DE-Mb50  |q application/pdf  |u http://scans.hebis.de/HEBCGI/show.pl?11265699_toc.pdf  |3 Inhaltsverzeichnis 
924 0 |9 Mb 50  |a (DE-603)186091079  |b DE-Mb50  |c HES  |d c  |g 03.3257 
924 0 |9 2080  |a (DE-603)79431287X  |b DE-2080  |c HES  |d d  |g /